00000000nam##2200000za#4500
0019.601206
003CaOODSP
00520210624205947
007cr |||||||||||
008150406|1995||||xxc|||||o    f|0| 0 fre|d
040 |aCaOODSP|bfre
043 |an-cn---
0861 |aC21-24/4-1995F-PDF
1101 |aCanada.|bIndustrie Canada. |bDirection de l'analyse micro-économique.
24510|aL'impact économique des activités de fusion et d'acquisition sur les entreprises / |h[ressource électronique]|cpar Gilles Mcdougall.
260 |aOttawa - Ontario : |bIndustrie Canada. |cFévrier 1995.
300 |a52p.|bgraphiques, tableaux
4901 |aSérie de document de travail|vN° 4
504 |aBibliographie.
590 |a12-10-Supp|b2012-03-23
7201 |aMcdougall, Gilles
77508|tThe economic impact of mergers and acquisitions on corporations / |w(CaOODSP)9.570559
7760#|tThe economic impact of mergers and acquisitions on corporations / |w(CaOODSP)9.525534
7760#|tL'impact économique des activités de fusion et d'acquisition sur les entreprises / |w(CaOODSP)9.525535
830#0|aSérie de document de travail ;|vN° 4|w(CaOODSP)9.501123
85640|ahttp://publications.gc.ca|qPDF|s566 Ko|uhttps://publications.gc.ca/collections/Collection/C21-24-4-1995F.pdf|yN° 4